| 000 | 00948nam a2200217Ia 4500 | ||
|---|---|---|---|
| 003 | IN-BaIIA | ||
| 008 | 211028s9999 xx 000 0 eng d | ||
| 040 | _cIIA Library | ||
| 080 |
_a520.34(063) _bIRW |
||
| 111 |
_aNational Science Foundation Astronomical Photoelectric Conference _cArizona _d1953 Aug. 31 - Sept. 1 _912795 |
||
| 245 | 0 |
_aAstronomical photoelectric _bproceedings of the National Science Foundation Astronomical Photoelectric Conference held at Lowell Observatory Flagstaff, Arizona August 31 - September 1, 1953 _cedited by John B. Irwin |
|
| 260 |
_aArizona _bLowell Observatory _c1953 |
||
| 300 | _a122p. | ||
| 500 | _aDonated by Mrs. Bappu | ||
| 650 | _aAstronomical Photometry | ||
| 650 | _aAstronomy and Astrophysics Thesaurus | ||
| 650 |
_aPhotoelectric Photometry _92971 |
||
| 700 |
_aIrwin, John B ed. _912796 |
||
| 710 |
_aNational Science Foundation _912797 |
||
| 942 | _cBK | ||
| 999 |
_c7521 _d7521 |
||